| 000 | 00749nam a2200157 4500 | ||
|---|---|---|---|
| 999 |
_c16443 _d16443 |
||
| 008 | 220207b ||||| |||| 00| 0 eng d | ||
| 022 | _a0893-8989 | ||
| 082 | _aDPer 363.205 P75 Sept 2013-May 2016 v. 37 & 40, n. 9-11/1-5 | ||
| 100 |
_aBasich, Melanie. _943871 |
||
| 245 |
_aNext-generation headsets and mics: _blaw enforcement officers are beginning to demand more advanced technology in their communication gear, including integrated Bluetooth and hearing protection/ _cMelanie Basich. |
||
| 260 |
_aCalifornia: _bBobit Business Media, _c©Sept 2013-May 2016. |
||
| 300 |
_av40 n3, pages 22-25; _billustrations: _c27 cm. |
||
| 500 | _aPolice: the law enforcement. | ||
| 650 |
_aLaw enforcement _xEquipment and supplies. _943834 |
||
| 942 |
_2ddc _cPER |
||